[Event "Summer Prague Open 2023 - A"]
[Site "Olympik hotel, Sokolovska 138, Praha"]
[Date "2023.08.07"]
[Round "5"]
[Board "16"]
[White "Vanduyfhuys, Igor"]
[Black "Kawulok, Marek"]
[Result "0-1"]
[WhiteElo "2022"]
[BlackElo "2173"]
[PlyCount "0"]
[EventDate "2023.08.04"]
[EventRounds "9"]
[EventCountry "CZE"]

1. e4 e5 2. Nf3 Nc6 3. Bc4 d6 4. d3 Na5 5. Bb3 Nxb3 6. axb3 Be7 7. O-O f5 8. Nc3
Nf6 9. Re1 O-O 10. d4 fxe4 11. Nxe4 Nxe4 12. Rxe4 Bf5 13. Re1 e4 14. Nd2 d5 15. Nf1
Bd6 16. Qh5 c6 17. Ng3 Qd7 18. Nxf5 Rxf5 19. Qg4 Qf7 20. Be3 Rf8 21. Rf1 a6 22. Rae1
Qc7 23. h4 Qf7 24. Re2 Be7 25. g3 Bd6 26. c3 Rf3 27. Rc1 Bxg3 28. fxg3 Rxe3 29. Rg2
Rf3 30. Kh2 h6 31. Re1 Qf5  0-1

[Event "Summer Prague Open 2023 - A"]
[Site "Olympik hotel, Sokolovska 138, Praha"]
[Date "2023.08.07"]
[Round "5"]
[Board "17"]
[White "Chubar, Vladimir"]
[Black "Yamada, Kohei"]
[Result "0-1"]
[WhiteElo "1781"]
[BlackElo "2171"]
[PlyCount "0"]
[EventDate "2023.08.04"]
[EventRounds "9"]
[EventCountry "CZE"]

1. Nf3 Nf6 2. d4 d5 3. Bg5 c5 4. e3 Ne4 5. Bf4 Qb6 6. Qc1 Nc6 7. c3 f6 8. h3 cxd4
9. exd4 e5 10. Be3 exd4 11. Nxd4 Bc5 12. Bb5 Bxd4 13. Bxc6+ bxc6 14. cxd4 Ba6 15.
Nc3 O-O 16. Qc2 f5 17. g3 Rae8 18. O-O-O Nxg3 19. Rhg1 Ne4 20. Bf4 Qa5 21. Be5 Rf7
22. f3 Nxc3 23. bxc3 Bc4 24. Rg2 Qa3+ 25. Kd2 Qxa2 26. Qxa2 Bxa2 27. Rdg1 Ree7 28.
h4 Rb7 29. Ke3 Bc4 30. Kf4 a5 31. h5 a4 32. h6 g6 33. Bd6 Ra7 34. Re1 Ra8 35. Ba3
Rb7 36. Re6 Rb3 37. Bd6 Rb7 38. Rg1 a3 39. Rge1 a2 40. Re8+ Rxe8 41. Rxe8+ Kf7 42.
Ra8 Rb1 43. Ra7+ Ke6 44. Bf8 a1=Q 45. Re7+ Kf6 46. Rc7 g5+  0-1

[Event "Summer Prague Open 2023 - A"]
[Site "Olympik hotel, Sokolovska 138, Praha"]
[Date "2023.08.07"]
[Round "5"]
[Board "18"]
[White "Clarke, James"]
[Black "Netusil, Miloslav"]
[Result "0-1"]
[WhiteElo "1695"]
[BlackElo "2159"]
[PlyCount "0"]
[EventDate "2023.08.04"]
[EventRounds "9"]
[EventCountry "CZE"]

1. e4 e6 2. d4 d5 3. e5 c5 4. c3 Qb6 5. Nf3 Bd7 6. Bd3 Bb5 7. dxc5 Bxc5 8. b4 Bf8
9. Be3 Qa6 10. Bc2 Nd7 11. a4 Bc4 12. Na3 Ne7 13. Nd4 Nxe5 14. Ndb5 Bxb5 15. Nxb5
Qc6 16. Bxa7 N7g6 17. O-O Be7 18. f4 Nd7 19. f5 exf5 20. Bd4 O-O 21. Rxf5 Rad8 22.
Qd3 Bf6 23. Raf1 Rfe8 24. Qg3 Re2 25. Bxf6 Nxf6 26. Nd4 Qb6 27. a5 Qa7 28. Bd3 Re7
29. Rxf6 gxf6 30. h4 Qb8 31. Qg4 Re3 32. Bc2 Rxc3 33. Nf5 Rxc2 34. Qh5 Rxg2+ 35.
Kxg2 Nf4+ 36. Rxf4 Qxf4 37. Nh6+ Kg7 38. Nf5+ Kh8 39. Nh6 Rc8 40. Nxf7+ Kg7 41. Nd6
Rc2+  0-1

[Event "Summer Prague Open 2023 - A"]
[Site "Olympik hotel, Sokolovska 138, Praha"]
[Date "2023.08.07"]
[Round "5"]
[Board "19"]
[White "Jordanov, Mihail"]
[Black "Niu, Qiming"]
[Result "1/2-1/2"]
[WhiteElo "2152"]
[BlackElo "1879"]
[PlyCount "0"]
[EventDate "2023.08.04"]
[EventRounds "9"]
[EventCountry "CZE"]

1. e4 e6 2. d4 d5 3. e5 c5 4. c3 Nc6 5. Nf3 Qb6 6. Bd3 cxd4 7. O-O Bd7 8. Re1 Nge7
9. h4 a6 10. a3 h6 11. b4 dxc3 12. Nxc3 Nd4 13. Be3 Nxf3+ 14. Qxf3 d4 15. Ne4 Nd5
16. Bd2 Bb5 17. Bc2 d3 18. Bxd3 Bxd3 19. Qxd3 Be7 20. Qg3 O-O-O 21. a4 Kb8 22. b5
a5 23. Rac1 Ka8 24. Rc4 f5 25. exf6 gxf6 26. Be3 Nxe3 27. Qxe3 Qxe3 28. Rxe3 f5 29.
Ng3 Rc8 30. Rxc8+ Rxc8 31. Rxe6 Bxh4 32. Nxf5 Rc1+ 33. Kh2 Bxf2 34. b6 Kb8 35. Nd6
Re1 36. Rxh6 Bxb6 37. Rh8+ Kc7 38. Nc4 Bg1+ 39. Kg3 Re4 40. Rh7+ Kc6 41. Nxa5+ Kb6
42. Nxb7 Rxa4 43. Nd6 Kc6 44. Nf5 Kd5 45. Kf3 Ke5 46. Ne7 Ra3+ 47. Kg4 Bf2 48. Nf5
Kf6 49. Rh6+ Kf7 50. Kf4 Be1 51. Nd6+ Kg7 52. Nf5+ Kf7 53. Rd6 Ra2 54. Rd7+ Kf6 55.
Rd6+ Kf7 56. g3 Bxg3+ 57. Nxg3 Rf2+ 58. Ke5 Rf3 59. Nf5 Ra3 60. Rd7+ Kg6 61. Rg7+
Kh5 62. Rg1 Ra5+ 63. Ke4 Ra4+ 64. Nd4 Kh6 65. Rg2 Kh5 66. Ke5 Ra5+ 67. Kf6 Ra6+ 68.
Ne6 Kh4 69. Rg7 Kh3 70. Rg6 Kh4 71. Kg7 Ra7+ 72. Kh6 Ra8 73. Nf4 Rh8+ 74. Kg7 Ra8
75. Ng2+ Kh3 76. Ne3 Ra5 77. Kh6 Rb5 78. Ng2 Ra5 79. Nf4+ Kh4 80. Kg7 Ra7+ 81. Kf6
Ra6+ 82. Ne6 Kh5 83. Rg5+ Kh4 84. Re5 Kh3 85. Kg5 Ra8 86. Re3+ Kg2 87. Kg4 Rg8+ 88.
Kf4 Rg6 89. Re2+ Kf1 90. Re3 Rf6+ 91. Kg3 Rg6+ 92. Kf3 Rf6+ 93. Nf4 Rf8 94. Re7 Kg1
95. Rh7 Rf5 96. Rg7+ Kf1 97. Re7 Rf8 98. Re5 Rf7 99. Re8 Rf5 100. Ke3 Rf7 101. Rd8
Kg1 102. Rc8 Ra7 103. Rc3 Kh2 104. Kf3 Rf7 105. Rc8 Kg1 106. Rc1+ Kh2 107. Rc2+ Kg1
 1/2-1/2

[Event "Summer Prague Open 2023 - A"]
[Site "Olympik hotel, Sokolovska 138, Praha"]
[Date "2023.08.07"]
[Round "5"]
[Board "20"]
[White "Berin, Artem"]
[Black "Steiner, Juraj"]
[Result "1-0"]
[WhiteElo "2337"]
[BlackElo "1772"]
[PlyCount "0"]
[EventDate "2023.08.04"]
[EventRounds "9"]
[EventCountry "CZE"]

1. d4 d5 2. c4 e6 3. Nc3 Nf6 4. cxd5 exd5 5. Bg5 Be7 6. e3 O-O 7. Bd3 c6 8. Nge2
Nbd7 9. O-O Re8 10. f3 Nf8 11. Bh4 Qb6 12. Qd2 Be6 13. Bf2 Qc7 14. e4 dxe4 15. fxe4
Rad8 16. Rac1 Bg4 17. e5 Nh5 18. h3 Bxe2 19. Bxe2 g6 20. Bxh5 gxh5 21. Qh6 Ne6 22.
Ne4 Kh8 23. Qxh5 Nf4 24. Qf3 Nd5 25. Rce1 Rg8 26. Ng3 Bg5 27. Re4 Rg6 28. Nf5 Rdg8
29. Kh1 Qa5 30. Nd6 f6 31. Nf7+ Kg7 32. Nxg5 fxg5 33. Bg3 Kh6 34. e6 Re8 35. h4 g4
36. Qf7 Qd8 37. e7 Rxe7 38. Bf4+ Nxf4 39. Rxe7  1-0

[Event "Summer Prague Open 2023 - A"]
[Site "Olympik hotel, Sokolovska 138, Praha"]
[Date "2023.08.08"]
[Round "6"]
[Board "1"]
[White "Pap, Gyula"]
[Black "Ahn, Hongjin"]
[Result "1/2-1/2"]
[WhiteElo "2429"]
[BlackElo "2240"]
[PlyCount "0"]
[EventDate "2023.08.04"]
[EventRounds "9"]
[EventCountry "CZE"]

1. e4 d5 2. exd5 Qxd5 3. Nc3 Qd8 4. d4 Nf6 5. Bg5 c6 6. Qd3 Qa5 7. Bxf6 gxf6 8. O-O-O
Na6 9. a3 Be6 10. Qe3 Nc7 11. Ne4 h5 12. Kb1 O-O-O 13. Nf3 h4 14. h3 Rh5 15. Qe1
Qxe1 16. Rxe1 b5 17. Be2 Rh8 18. Nc5 Bd5 19. Nd3 Ne6 20. Nb4 Bxf3  1/2-1/2

[Event "Summer Prague Open 2023 - A"]
[Site "Olympik hotel, Sokolovska 138, Praha"]
[Date "2023.08.08"]
[Round "6"]
[Board "2"]
[White "Peil, Christoph"]
[Black "Itgelt, Khuyagtsogt"]
[Result "1/2-1/2"]
[WhiteElo "2293"]
[BlackElo "2397"]
[PlyCount "0"]
[EventDate "2023.08.04"]
[EventRounds "9"]
[EventCountry "CZE"]

1. c4 Nf6 2. g3 e6 3. Nf3 d5 4. d4 dxc4 5. Bg2 Bb4+ 6. Bd2 a5 7. Qc2 Bxd2+ 8. Nbxd2
b5 9. b3 cxb3 10. Nxb3 Bb7 11. Nc5 Bd5 12. e4 Bc4 13. Rd1 Nc6 14. Bf1 Nb4 15. Qd2
Bxf1 16. Kxf1 Na6 17. Qc2 O-O 18. Nxa6 Rxa6 19. Kg2 Qa8 20. Rhe1 Rc6 21. Qe2 b4 22.
Ne5 Rc3 23. Rd3 Rxd3 24. Qxd3 Rd8 25. Qe3 Nd7 26. Nd3 Nb6 27. Rc1 Na4 28. Rxc7 Nc3
29. Nc5 Nb5 30. Rd7 Rxd7 31. Nxd7 Qd8 32. Qf4 Nxd4 33. Qd6 h5 34. Qxd4 a4 35. Qd3
b3 36. axb3 a3 37. Qa6 Qxd7 38. Qxa3 Qb7 39. Qa4 f5 40. Qe8+ Kh7 41. Qxh5+ Kg8 42.
Qe8+ Kh7 43. Qxe6 fxe4 44. Qh3+ Kg8 45. Qe6+ Kh7 46. Kg1 Qb4 47. Qc4 Qe1+ 48. Kg2
Kh8 49. b4 e3 50. Qh4+ Kg8 51. Qd8+ Kh7 52. Qh4+ Kg8 53. Qd8+ Kh7 54. Qd3+ Kg8 55.
Qb3+ Kh8 56. Qxe3 Qxb4 57. Qe8+ Kh7 58. Qh5+ Kg8 59. Qd5+ Kh7 60. h4 Qg4 61. f3 Qc8
62. Qe4+ Kh8 63. h5 Qd8 64. Qc2 Qb8 65. g4 Qf4 66. Qe2 Qb8 67. Kh3 Qc8 68. Qe5 Qc1
69. Kg2 Qd2+ 70. Kg3 Qc1 71. f4 Qa3+ 72. Kh4 Qa8 73. Qe7 Qh1+ 74. Kg5 Qd5+ 75. f5
Kh7 76. Kf4 Qd4+ 77. Qe4 Qf2+ 78. Kg5 Qd2+ 79. Qf4 Qd5 80. Qe3 Qd6 81. Kh4 Qh2+ 82.
Qh3 Qg1 83. g5 Qe1+ 84. Qg3 Qe4+ 85. Qg4 Qh1+ 86. Kg3 Qg1+ 87. Kf4 Qd4+ 88. Kg3 Qg1+
 1/2-1/2

[Event "Summer Prague Open 2023 - A"]
[Site "Olympik hotel, Sokolovska 138, Praha"]
[Date "2023.08.08"]
[Round "6"]
[Board "3"]
[White "Walek, Petr"]
[Black "Neuman, Petr"]
[Result "1-0"]
[WhiteElo "2219"]
[BlackElo "2370"]
[PlyCount "0"]
[EventDate "2023.08.04"]
[EventRounds "9"]
[EventCountry "CZE"]

1. e4 c6 2. d4 d5 3. e5 Bf5 4. Nf3 e6 5. Be2 Ne7 6. O-O c5 7. Na3 Nbc6 8. dxc5 Ng6
9. Be3 Bg4 10. c4 Bxf3 11. Bxf3 Ngxe5 12. Bxd5 exd5 13. cxd5 Be7 14. dxc6 Qxd1 15.
Raxd1 bxc6 16. Bf4 f6 17. Rfe1 O-O 18. Bxe5 fxe5 19. Rxe5 Rad8 20. Rxd8 Rxd8 21.
g3 Kf7 22. Nc4 Rd1+ 23. Kg2 Rc1 24. Nd6+ Kf8 25. b4 Rc2 26. a3 g6 27. Re3 a5 28.
Rf3+ Kg8 29. Nc8  1-0

[Event "Summer Prague Open 2023 - A"]
[Site "Olympik hotel, Sokolovska 138, Praha"]
[Date "2023.08.08"]
[Round "6"]
[Board "4"]
[White "Kawulok, Marek"]
[Black "Shehzad, Shazil"]
[Result "0-1"]
[WhiteElo "2173"]
[BlackElo "2301"]
[PlyCount "0"]
[EventDate "2023.08.04"]
[EventRounds "9"]
[EventCountry "CZE"]

1. c4 e5 2. Nc3 Nf6 3. Nf3 Nc6 4. e4 Bb4 5. d3 d6 6. a3 Bc5 7. b4 Bb6 8. Na4 Bd4
9. Nxd4 Nxd4 10. Be2 c6 11. O-O d5 12. exd5 cxd5 13. f4 exf4 14. Bxf4 Ne6 15. Be5
Nd7 16. Bg3 Nb6 17. Nc3 O-O 18. c5 d4 19. Ne4 Nd5 20. Qb3 Ne3 21. Rfe1 Bd7 22. Bf3
Bc6 23. Bd6 Re8 24. b5 Bxe4 25. Bxe4 Rc8 26. Rac1 b6 27. Bc6 bxc5 28. Bxe8 Qxe8 29.
Bg3 Qd7 30. a4 Qb7 31. Qa2 h5 32. Qf2 Qd5 33. Qf3 Qa2 34. Bf2 Ng4 35. Ra1 Qd2 36.
Red1 Qg5 37. h3 Ne5 38. Qe4 Nf4 39. Kh2 Re8 40. Qb7 Nexd3 41. Ra2 Nb4 42. Rad2 h4
43. Qf3 Nbd5 44. Qg4 Qe5 45. Kh1 Nf6 46. Qxh4 g5 47. Qh6 Ne4 48. Ra2 Re6 49. Bxd4
cxd4  0-1

[Event "Summer Prague Open 2023 - A"]
[Site "Olympik hotel, Sokolovska 138, Praha"]
[Date "2023.08.08"]
[Round "6"]
[Board "5"]
[White "Kolodziejski, Piotr"]
[Black "Serrano Salvador, Eduardo"]
[Result "1-0"]
[WhiteElo "2116"]
[BlackElo "2260"]
[PlyCount "0"]
[EventDate "2023.08.04"]
[EventRounds "9"]
[EventCountry "CZE"]

1. e4 c5 2. Ne2 Nf6 3. Nbc3 d5 4. exd5 Nxd5 5. Nxd5 Qxd5 6. d4 cxd4 7. Qxd4 Qxd4
8. Nxd4 a6 9. Be3 g6 10. O-O-O Bd7 11. Be2 Nc6 12. Nb3 e5 13. Nc5 Bxc5 14. Bxc5 O-O-O
15. Bc4 f5 16. Bb6 Rde8 17. Rd6 Re7 18. Rhd1 Rhe8 19. Bc5 Na5 20. Bf1 Rg7 21. b4
Nc6 22. Bc4 Nb8 23. Bb6 Rge7 24. a4 Rh8 25. b5 axb5 26. axb5 e4 27. R1d5 f4 28. Rc5+
Bc6 29. bxc6 bxc6 30. Ra5 e3 31. fxe3 fxe3 32. Be6+  1-0

[Event "Summer Prague Open 2023 - A"]
[Site "Olympik hotel, Sokolovska 138, Praha"]
[Date "2023.08.08"]
[Round "6"]
[Board "6"]
[White "Netusil, Miloslav"]
[Black "Hinterreiter, Markus"]
[Result "1-0"]
[WhiteElo "2159"]
[BlackElo "2206"]
[PlyCount "0"]
[EventDate "2023.08.04"]
[EventRounds "9"]
[EventCountry "CZE"]

1. e4 c5 2. c3 Nf6 3. e5 Nd5 4. Bc4 Nb6 5. Bb3 c4 6. Bc2 d6 7. exd6 Qxd6 8. b3 Nc6
9. bxc4 Nxc4 10. Qe2 Qe6 11. d3 Nd6 12. Be3 Qg4 13. f3 Qh4+ 14. Bf2 Qg5 15. Be3 Qh4+
16. Bf2 Qg5 17. Be3 Qf6 18. Qd2 e5 19. Ne2 Nf5 20. Bf2 Bd6 21. Ng3 Nxg3 22. hxg3
O-O 23. Qe2 Qe7 24. g4 b5 25. Qe4 f5 26. Qxc6 Bb7 27. Qxb5 fxg4 28. Nd2 gxf3 29.
gxf3 Rac8 30. d4 exd4+ 31. Kd1 Rxf3 32. Bxd4 Rf6 33. Bxf6 Bf3+ 34. Nxf3 Qxf6 35.
Qd5+ Kf8 36. Ng5 Qxc3 37. Rf1+ Ke7 38. Qf7+  1-0

[Event "Summer Prague Open 2023 - A"]
[Site "Olympik hotel, Sokolovska 138, Praha"]
[Date "2023.08.08"]
[Round "6"]
[Board "7"]
[White "Matras, Ondrej"]
[Black "Kratochvil, Vit"]
[Result "1-0"]
[WhiteElo "2192"]
[BlackElo "2181"]
[PlyCount "0"]
[EventDate "2023.08.04"]
[EventRounds "9"]
[EventCountry "CZE"]

1. d4 Nf6 2. c4 g6 3. Nc3 Bg7 4. e4 d6 5. f3 O-O 6. Be3 a6 7. Nge2 b6 8. Qd2 c5 9.
d5 Nbd7 10. Bh6 Ne5 11. Ng3 b5 12. Bxg7 Kxg7 13. cxb5 axb5 14. Bxb5 c4 15. O-O h5
16. Nh1 h4 17. f4 Neg4 18. h3 Qb6+ 19. Nf2 Nxe4 20. Ncxe4 Nxf2 21. Rxf2 Qxb5 22.
f5 f6 23. fxg6 Ra5 24. Nc3 Qc5 25. Re1 Ra7 26. Re4 Bf5 27. Rxh4 Bxg6 28. Kh1 Rg8
29. Rff4 Bd3 30. Rfg4+ Kf7 31. Rxg8 Kxg8 32. Qh6 Kf7 33. Rg4 Qf2 34. Qh5+ Kf8 35.
Qh8+ Kf7 36. Qg8#  1-0

[Event "Summer Prague Open 2023 - A"]
[Site "Olympik hotel, Sokolovska 138, Praha"]
[Date "2023.08.08"]
[Round "6"]
[Board "8"]
[White "Pulpan, Jakub"]
[Black "Yamada, Kohei"]
[Result "1-0"]
[WhiteElo "2417"]
[BlackElo "2171"]
[PlyCount "0"]
[EventDate "2023.08.04"]
[EventRounds "9"]
[EventCountry "CZE"]

1. Nf3 c5 2. c4 g6 3. Nc3 Bg7 4. d4 cxd4 5. Nxd4 Nc6 6. Nc2 Bxc3+ 7. bxc3 f5 8. g3
Qa5 9. Ne3 Nf6 10. Bg2 O-O 11. O-O d6 12. Nd5 Ne4 13. Qc2 Qc5 14. Bxe4 fxe4 15. Qxe4
Bf5 16. Qh4 Rae8 17. a4 Qa5 18. Ba3 Qd8 19. e4 Be6 20. f4 Kh8 21. Rfd1 Bxd5 22. Rxd5
Qb6+ 23. c5 Qb3 24. Rd2 dxc5 25. Qg5 b6 26. Qd5 Qxd5 27. exd5 Na5 28. Re2 Nc4 29.
Re4 Nd2 30. Re6 Nc4 31. a5 Rf5 32. d6 Nxd6 33. Bc1 Rd5 34. Re1 b5 35. Be3 Nc4 36.
Bf2 a6 37. Re6 Rd6 38. Rae1 Rxe6 39. Rxe6 Nxa5 40. Rxa6 Nb3 41. Rb6 b4 42. cxb4 cxb4
43. Rxb4 Nc1 44. Be3 Rc8 45. Rb7 Rc2 46. Rxe7 Kg8 47. Rb7 Nd3 48. Bd4 Ne1 49. Rb3
Rd2 50. Bf2 Nc2 51. g4 Nd4 52. Rb8+ Kf7 53. Kg2 Ne6 54. Rb7+ Kg8 55. Rb4 g5 56. fxg5
Nxg5 57. Rf4 Rd3 58. Ra4 Rd2 59. Kf1 Rc2 60. h4 Nf3 61. g5 Rc4 62. Ra8+ Kg7 63. Ra7+
Kg6 64. Ra6+ Kg7 65. Ke2 Nxh4 66. Kd3 Rf4 67. Bd4+ Kf7 68. Ra7+ Kg6 69. Rg7+ Kf5
70. Be3 Ra4 71. Rxh7 Ng6 72. Rf7+ Kg4 73. Rf6 Ne5+ 74. Kc2 Rc4+ 75. Kb3 Rc6 76. Rf8
Kh5 77. Rf5 Ng4 78. g6+ Kxg6 79. Rg5+ Kf6 80. Rxg4 Rc8 81. Kb4 Ke5 82. Bc5 Kd5 83.
Rg5+ Ke4 84. Kc4 Kf4 85. Rg7 Ke4 86. Re7+ Kf4 87. Kd5 Rd8+ 88. Bd6+ Kf3 89. Ra7 Ke3
90. Ra3+ Kd2 91. Ke5 Ke2 92. Bc5 Re8+ 93. Kf4 Kd2 94. Bd4 Ke2 95. Be5 Kd2 96. Ke4
Ke2 97. Ra2+ Ke1 98. Kd4 Kf1 99. Rh2 Kg1 100. Re2 Kf1 101. Kd3 Rd8+ 102. Ke3 Re8
103. Rf2+ Ke1 104. Rf5 Kd1 105. Kd3 Kc1 106. Rf1#  1-0

[Event "Summer Prague Open 2023 - A"]
[Site "Olympik hotel, Sokolovska 138, Praha"]
[Date "2023.08.08"]
[Round "6"]
[Board "9"]
[White "Jordanov, Mihail"]
[Black "Jurcik, Marian"]
[Result "0-1"]
[WhiteElo "2152"]
[BlackElo "2411"]
[PlyCount "0"]
[EventDate "2023.08.04"]
[EventRounds "9"]
[EventCountry "CZE"]

1. e4 d5 2. exd5 Nf6 3. d4 Nxd5 4. Nf3 Bg4 5. Be2 e6 6. Ne5 Bxe2 7. Qxe2 Nd7 8. O-O
Nxe5 9. dxe5 c6 10. c4 Ne7 11. b3 Nf5 12. Bb2 Qc7 13. Rd1 Bc5 14. Nc3 Bd4 15. g4
Bxc3 16. Bxc3 Ne7 17. Rd3 O-O 18. Qe4 Rfd8 19. Rh3 h6 20. f4 Rd7 21. f5 Rad8 22.
f6 Qb6+ 23. Kf1 Ng6 24. fxg7 Rd1+ 25. Rxd1 Rxd1+ 26. Ke2 Qg1 27. Qf3 Rc1 28. Kd3
Rf1 29. Qe3 Nf4+ 30. Kc2 Qg2+ 31. Bd2 Qxh3 32. Qd4 Qxg4 33. Qd8+ Kxg7 34. Qf6+ Kg8
 0-1

[Event "Summer Prague Open 2023 - A"]
[Site "Olympik hotel, Sokolovska 138, Praha"]
[Date "2023.08.08"]
[Round "6"]
[Board "10"]
[White "Krause, Benedict"]
[Black "Ivekovic, Tihana"]
[Result "0-1"]
[WhiteElo "2409"]
[BlackElo "2117"]
[PlyCount "0"]
[EventDate "2023.08.04"]
[EventRounds "9"]
[EventCountry "CZE"]

1. e4 e5 2. Nf3 Nc6 3. Bc4 Nf6 4. d3 Bc5 5. c3 a6 6. O-O d6 7. a4 Ba7 8. Re1 O-O
9. h3 h6 10. Nbd2 Re8 11. b4 Be6 12. Bxe6 Rxe6 13. Bb2 d5 14. b5 Ne7 15. exd5 Qxd5
16. c4 Qxd3 17. Bxe5 Qd7 18. Bxf6 gxf6 19. Qc2 Nf5 20. Rxe6 Qxe6 21. Re1 Qd7 22.
Qe4 Nd6 23. Qh4 Kg7 24. Nf1 Re8 25. Rxe8 Nxe8 26. Ng3 Qd1+ 27. Kh2 Qd6 28. Kh1 Qd1+
29. Ng1 Qe1 30. Nf5+ Kf8 31. Qxh6+ Kg8 32. Kh2 Qe5+ 33. Ng3 Bxf2 34. N1e2 Nd6 35.
Qh4 Kf8 36. Qg4 f5 37. Qf3 Ne4 38. Qxf5 Bxg3+ 39. Nxg3 Qxg3+ 40. Kg1 Qe1+ 41. Kh2
Qg3+ 42. Kg1 Qe3+ 43. Kh2 Nd6 44. Qf6 Qc5 45. Qh8+ Ke7 46. Qh4+ f6 47. Qh7+ Nf7 48.
Qc2 axb5 49. axb5 Qe5+ 50. g3 Ng5 51. Qf2 Ne4 52. Qe3 Qb2+ 53. Kg1 Qb1+ 54. Kg2 Kf7
55. Qe2 Qh1+  0-1

[Event "Summer Prague Open 2023 - A"]
[Site "Olympik hotel, Sokolovska 138, Praha"]
[Date "2023.08.08"]
[Round "6"]
[Board "11"]
[White "Pyrig, Roman"]
[Black "Berin, Artem"]
[Result "1/2-1/2"]
[WhiteElo "2134"]
[BlackElo "2337"]
[PlyCount "0"]
[EventDate "2023.08.04"]
[EventRounds "9"]
[EventCountry "CZE"]

1. e4 e6 2. d4 d5 3. Nc3 Nf6 4. Bg5 dxe4 5. Nxe4 Be7 6. Bxf6 gxf6 7. Nf3 b6 8. Qd2
Bb7 9. Nc3 Bxf3 10. gxf3 c6 11. O-O-O Nd7 12. Ba6 Qc7 13. Rhe1 Bd6 14. Kb1 Bf4 15.
Qe2 O-O 16. Bd3 f5 17. d5 cxd5 18. Bxf5 Nf6 19. Qd3 Kh8 20. Qd4 e5 21. Qa4 Rad8 22.
Ne2 e4 23. Qd4 Be5 24. Qe3 Ng8 25. Rg1 Bg7 26. f4 Qe7 27. c3 Qf6 28. Bh3 Ne7 29.
Ng3 Qh4 30. Nf5 Nxf5 31. Bxf5 h6 32. f3 Qf6 33. fxe4 Rfe8 34. Qg3 dxe4 35. Rxd8 Rxd8
36. Bxe4 b5 37. Bc2 b4 38. Qe3 bxc3 39. Qxc3 Qxc3 40. bxc3 Bxc3 41. Rd1 Rxd1+ 42.
Bxd1 Bd2 43. Kc2 Bxf4 44. h3 Kg7  1/2-1/2

[Event "Summer Prague Open 2023 - A"]
[Site "Olympik hotel, Sokolovska 138, Praha"]
[Date "2023.08.08"]
[Round "6"]
[Board "12"]
[White "Hozda, Max"]
[Black "Vedder, Henk"]
[Result "0-1"]
[WhiteElo "2080"]
[BlackElo "2326"]
[PlyCount "0"]
[EventDate "2023.08.04"]
[EventRounds "9"]
[EventCountry "CZE"]

1. d4 e6 2. c4 Bb4+ 3. Bd2 Bxd2+ 4. Qxd2 b6 5. Nc3 Bb7 6. Nf3 f5 7. g3 Nf6 8. Bg2
Ne4 9. Qc2 Nxc3 10. Qxc3 Qf6 11. e3 O-O 12. O-O Be4 13. Nd2 Bxg2 14. Kxg2 d6 15.
Rac1 Nd7 16. Nb3 e5 17. dxe5 Nxe5 18. Nd4 Rae8 19. Rfd1 g5 20. Nf3 f4 21. exf4 gxf4
22. Nxe5 Rxe5 23. Rc2 f3+ 24. Kh1 Qh6 25. Rg1 Qxh2+  0-1

[Event "Summer Prague Open 2023 - A"]
[Site "Olympik hotel, Sokolovska 138, Praha"]
[Date "2023.08.08"]
[Round "6"]
[Board "13"]
[White "Levitan, Tal"]
[Black "Kanakova, Natalie"]
[Result "1/2-1/2"]
[WhiteElo "2321"]
[BlackElo "2146"]
[PlyCount "0"]
[EventDate "2023.08.04"]
[EventRounds "9"]
[EventCountry "CZE"]

1. e4 c5 2. Nf3 Nc6 3. Bb5 Nf6 4. e5 Nd5 5. Nc3 Nc7 6. Bxc6 dxc6 7. d3 g6 8. O-O
Bg7 9. h3 O-O 10. Re1 Ne6 11. a4 a5 12. Be3 Qc7 13. Qd2 Rd8 14. Bh6 Nd4 15. Nxd4
cxd4 16. Bxg7 Kxg7 17. Nb1 Rd5 18. Qf4 c5 19. Nd2 Ra6 20. Re2 Re6 21. Rae1 b6 22.
Qg3 Qc6 23. f4 f5 24. b3 Rd8 25. Qh4 Rf8 26. Kh2 h6 27. Rg1 Qe8 28. Rf2 Rc6 29. Rgf1
Qd7 30. Nf3 Qe6 31. Re2 Bb7 32. Kg1 Rc7 33. Nh2 Qd5 34. Rff2 e6 35. Nf3 Qd8 36. Qxd8
Rxd8 37. Nd2 Bd5 38. Nb1 Rg8 39. Na3 Kf8 40. g4 h5 41. g5  1/2-1/2

[Event "Summer Prague Open 2023 - A"]
[Site "Olympik hotel, Sokolovska 138, Praha"]
[Date "2023.08.08"]
[Round "6"]
[Board "14"]
[White "Matthaei, Jakob"]
[Black "von Mettenheim, Johannes"]
[Result "1/2-1/2"]
[WhiteElo "2051"]
[BlackElo "2316"]
[PlyCount "0"]
[EventDate "2023.08.04"]
[EventRounds "9"]
[EventCountry "CZE"]

1. c4 Nf6 2. g3 e6 3. Bg2 d5 4. Nf3 Be7 5. O-O O-O 6. b3 d4 7. e3 c5 8. exd4 cxd4
9. Bb2 Nc6 10. Re1 Bc5 11. d3 Re8 12. a3 a5 13. Nbd2 h6 14. Ne5 Nxe5 15. Rxe5 Qb6
16. b4 axb4 17. Nb3 Bf8 18. Bxd4 Qc7 19. axb4 Rxa1 20. Qxa1 Bxb4 21. Rb5 Be7 22.
Na5 Qd7 23. Nxb7 e5 24. Bxe5 Qxd3 25. Qf1 Qc2 26. Nd6  1/2-1/2

[Event "Summer Prague Open 2023 - A"]
[Site "Olympik hotel, Sokolovska 138, Praha"]
[Date "2023.08.08"]
[Round "6"]
[Board "15"]
[White "Camarena Jimenez, Rufino"]
[Black "Hajiyev, Kanan"]
[Result "1/2-1/2"]
[WhiteElo "2308"]
[BlackElo "2109"]
[PlyCount "0"]
[EventDate "2023.08.04"]
[EventRounds "9"]
[EventCountry "CZE"]

1. d4 Nf6 2. c4 e6 3. Nf3 d5 4. Nc3 Bb4 5. Bg5 h6 6. Bxf6 Qxf6 7. e3 O-O 8. Rc1 c6
9. a3 Bxc3+ 10. Rxc3 Nd7 11. Qc2 Re8 12. cxd5 exd5 13. b4 a6 14. Bd3 g5 15. O-O Kg7
16. a4 g4 17. Nd2 Nf8 18. b5 cxb5 19. axb5 a5 20. Qa2 Rd8 21. Rfc1 Ne6 22. Nf1 h5
23. Ra3 b6 24. Rc6 Rb8 25. Rac3 h4 26. Bb1 Bd7 27. Rd6 Bxb5 28. Rxd5 Rxd5 29. Qxd5
Bxf1 30. Kxf1 g3 31. hxg3 hxg3 32. f4 b5 33. Bf5 b4 34. Rc6 b3 35. Bxe6 fxe6 36.
Qxa5 Qf5 37. Qxf5 exf5 38. Rc1 b2 39. Rb1 Kf6 40. Ke2 Ke6 41. Kd3 Kd5 42. Kc3 Rc8+
43. Kd2 Rb8 44. Kc3 Rc8+  1/2-1/2

[Event "Summer Prague Open 2023 - A"]
[Site "Olympik hotel, Sokolovska 138, Praha"]
[Date "2023.08.08"]
[Round "6"]
[Board "16"]
[White "Kaderabek, Jiri"]
[Black "Kwon, Sehyun"]
[Result "0-1"]
[WhiteElo "2027"]
[BlackElo "2274"]
[PlyCount "0"]
[EventDate "2023.08.04"]
[EventRounds "9"]
[EventCountry "CZE"]

1. Nf3 c5 2. g3 d5 3. c4 d4 4. b4 cxb4 5. a3 bxa3 6. Bxa3 Nc6 7. d3 e5 8. Bxf8 Kxf8
9. Bg2 g6 10. O-O Kg7 11. Nbd2 Nf6 12. Qb3 Qc7 13. Rfb1 Rb8 14. h3 h6 15. Ne1 Be6
16. Qa3 a6 17. Nc2 Qd7 18. Kh2 h5 19. Qc5 h4 20. g4 Qc7 21. Ne4 b6 22. Qd6 Ne8 23.
Qxc7 Nxc7 24. g5 Ne7 25. Nf6 Rhc8 26. f4 b5 27. fxe5 bxc4 28. Nxd4 Rxb1 29. Rxb1
c3 30. Rb7 Nf5 31. Nc2 Nb5 32. Bd5 Bxd5 33. Nxd5 Nbd4 34. e4 Nxc2 35. exf5 Nd4 36.
e6 Nf3+ 37. Kg2 Nxg5 38. f6+ Kh6 39. Nxc3 Rxc3 40. e7 Rc2+ 41. Kf1 Rc8 42. Rd7 Ne6
43. Rd6 Rc1+ 44. Kf2 Nc7 45. Rd8 Rc6 46. Rc8 Rxf6+ 47. Kg2 Re6 48. Rxc7 Kg7 49. d4
Kf6 50. d5 Rxe7 51. Rc6+ Ke5 52. Rxa6 Kxd5 53. Kf3 Re5 54. Kg4 Rh5 55. Rf6 Rh7 56.
Ra6 Ke5 57. Kg5 Rh5+ 58. Kg4 f5+ 59. Kf3 Rg5 60. Kf2 Rg3 61. Rb6 Kf4  0-1

[Event "Summer Prague Open 2023 - A"]
[Site "Olympik hotel, Sokolovska 138, Praha"]
[Date "2023.08.08"]
[Round "6"]
[Board "17"]
[White "Priehoda, Vitezslav"]
[Black "Shamian, Artur"]
[Result "1-0"]
[WhiteElo "2254"]
[BlackElo "2078"]
[PlyCount "0"]
[EventDate "2023.08.04"]
[EventRounds "9"]
[EventCountry "CZE"]

1. d4 Nf6 2. c4 e6 3. Nc3 Bb4 4. Qc2 Nc6 5. Nf3 d6 6. Bd2 O-O 7. a3 Bxc3 8. Bxc3
Re8 9. Rd1 Qe7 10. e3 e5 11. d5 Nb8 12. h3 c6 13. dxc6 Nxc6 14. Be2 Be6 15. O-O Rac8
16. Ng5 h6 17. Nxe6 Qxe6 18. Rd2 Red8 19. Rfd1 b5 20. cxb5 Na5 21. Qa4 Nb3 22. Rc2
Nc5 23. Qb4 Nfe4 24. Be1 Qg6 25. Qc4 Ng5 26. Bg4 Rc7 27. Ba5 Nce6 28. Bxc7 d5 29.
Qe2 Rc8 30. Rdc1 d4 31. Bxe5 Rxc2 32. Qxc2 d3 33. Qd1 h5 34. Bxe6 fxe6  1-0